000
00321 a2200157 4500
001
168610
020
_a
040
_c
Magnum
100
_a
Zagury, Tania
240
1
0
_a
Limites sem trauma
_l
por
245
1
0
_a
Limites sem trauma
362
0
_a
1899
440
1
_a
Record
697
_a
EDUCAÇÃO E ENSINO
942
_c
BK
999
_c
168610
_d
168610